000 01052nam a2200289 4500
001 0000015761
005 20250329172018.0
007 ta
008 160627s2001 000 0 eng d
020 _a8485320883
040 _aCO-CtgCURN
_bspa
_ccoctgcurn
082 0 _aR616.15
_bM12a
100 1 _aMcDonald, George A.
245 1 0 _aAtlas de Hematologia /
_cGeorge A. McDonald , J. Paul, Bruce Cruickshank.
250 _a5a ed.
260 1 _aMadrid : :
_bPanamericana,,
_c2001.
300 _a277 p.
500 _aIncluye indice.
505 8 _aDesarrollo de las celulas sanguineas.--Valores hematologicos normales.--Serie eritrocitica.--Serie leucocitica.--Serie megacariocitica.--Parasitos sanguineos
650 1 4 _aHematologia
_xInvestigaciones.
700 1 _aPaul, J.
908 _a160627
942 _cREF
_hR616.15
_iM12a
999 _c7338
_d7338